000
00229 a2200109 4500
020
_a
9788417694494
041
_a
spa
100
_a
Ruiz, Miguel
245
_a
El camino del duelo / Don Miguel Ruiz
942
_c
BK
999
_c
30013
_d
30011
999
_d
30011